MARC

LEADER 00000nab a2200000 a 4500
001 vtls000708876
003 SK-MaSNL
005 20260318124934.0
008 240612c1999 xo 0 sla
015 |a SNBRB2000/01-01122 
035 |a CLN000061043 
040 |a SNKBUCL  |b slo  |c SNKBUCL  |e AACR2 
041 0 |a sla  |a rue 
044 |a xo  |c SK 
080 |a 323.15:37:80:061.3  |2 UDC-MRF-SK2 
080 |a 37(091)"19":061.3  |2 UDC-MRF-SK2 
080 |a 802/809(091):061.3  |2 UDC-MRF-SK2 
100 1 |a Plišková, Anna,  |d 1964-  |4 aut  |9 109014 
245 1 0 |a Puščať sja renomovana inštitucija na puť eksperimentovanja?  |c A. Pliškova 
300 |b Fotogr. 
650 0 7 |a menšiny národnostné  |x školstvo  |y stor. 20., polovica 2.  |x konferencie  |2 snkbucl  |9 1264866 
650 0 7 |a menšiny národnostné  |x jazyky  |y stor. 20., polovica 2.  |x konferencie  |2 snkbucl  |9 1264867 
650 0 7 |a školstvo  |x konferencie  |2 snkbucl  |9 309703 
650 0 7 |a jazyky národnostných menšín  |z Slovensko  |z Európa stredná  |y stor. 20., polovica 2.  |x konferencie  |2 snkbucl  |9 1264868 
651 7 |a Poprad (Slovensko : okres)  |2 snkbucl  |9 28675 
655 7 |a články z novín a časopisov  |2 snkbucl  |9 267496 
773 0 |t Narodny novynky  |g Roč. 9, č. 46 (1999), s. 1 
850 |a Slovenská národná knižnica v Martine 
852 |a SNK  |b KIS3GCP 
958 |a RBX 
999 |c 2263607  |d 2265537